Which Season? - Statistics

General Stats
  • This quiz has been taken 38 times
  • The average score is 24 of 30
Answer Stats
Hint Answer % Correct
Halloween Fall
97%
Pumpkin spice Fall
93%
"April showers bring May flowers" Spring
93%
The beach Summer
93%
Snow Winter
93%
Carving pumpkins Fall
90%
Swimming Summer
90%
Watermelon Summer
90%
Cold Winter
90%
Reindeer Winter
90%
Orange, brown, yellow Fall
87%
Falling leaves Fall
87%
Alaska Winter
87%
Pineapple Summer
83%
July Summer
83%
Tulips Spring
80%
Lemonade Summer
80%
Fairs Summer
80%
Gingerbread cookies Winter
80%
Picking out costumes Fall
77%
September Fall
77%
Thanksgiving Fall
77%
Pink, purple, green Spring
77%
Daisies Spring
77%
Peppermint Winter
70%
Pastel colors Spring
67%
Pastel purple Spring
67%
Bright, vibrant colors Summer
67%
School starting back Fall
57%
Fireworks Summer
47%
No matching quizzes found
Score Distribution
Percent of People with Each Score
Percentile by Number Answered
Your Score History
You have not taken this quiz